Entry Nombre personal
001 - NÚMERO DE CONTROL
- campo de control: 226697
003 - IDENTIFICADOR DE NÚMERO DE CONTROL
- campo de control: DLC
005 - FECHA Y HORA DE LA ÚLTIMA TRANSACCIÓN
- campo de control: 20230618162816.0
008 - ELEMENTOS DE DATO DE LONGITUD-FIJA
- campo de control de longitud fija: 840329n| acannaab| |n aaa |||
010 ## - NÚMERO DE CONTROL DE LA BIBLIOTECA DEL CONGRESO
- Número de control de LC: n 83314917
- Número de control de LC cancelado o no válido: n 94040764
040 ## - FUENTE DE CATALOGACIÓN
- Centro catalogador/agencia de origen: DLC
- Centro/agencia transcriptor: DLC
- Centro/agencia modificador: ES-MaACL
100 10 - ENCABEZAMIENTO-NOMBRE DE PERSONA
- Nombre de persona: Abramson, Jeffrey B.,
670 ## - FUENTE DE DATOS ENCONTRADOS
- Cita de la fuente: His Liberation and its limits, c1984:
- Información encontrada: CIP t.p. (Jeffrey B. Abramson);
670 ## - FUENTE DE DATOS ENCONTRADOS
- Cita de la fuente: We, the jury, c1994:
- Información encontrada: CIP t.p. (Jeffrey Abramson) data sheet (b. 12-04-47);
670 ## - FUENTE DE DATOS ENCONTRADOS
- Cita de la fuente: Postmortem, 1996:
- Información encontrada: t.p. (Jeffrey Abramson) p. facing t.p. (lists works);
670 ## - FUENTE DE DATOS ENCONTRADOS
- Cita de la fuente: WWW LC auth., 16-6-2023
- Información encontrada: (Abramson, Jeffrey B.)
954 ## - CATALOGADOR -ALTA REGISTRO
- Nombre del catalogador: Julia Mas Vieira
